[Event "San Roque"]
[Site "San Roque"]
[Date "1996.??.??"]
[Round "7"]
[White "Garcia Luque, Agustin"]
[Black "Rodriguez Talavera, Juan Carlos"]
[Result "1/2-1/2"]
[WhiteElo "2365"]
[BlackElo "2425"]

1.e4 c5 2.Nf3 d6 3.Bb5+ Bd7 4.Bxd7+ Qxd7 5.c4 g6 6.Nc3 Bg7 7.O-O Nc6 8.d3 Nf6
9.h3 O-O 10.Be3 e5 11.a3 Nd4 12.b4 b6 13.Nd2 Nh5 14.Bxd4 cxd4 15.Nd5 Nf6
16.a4 Rfc8 17.b5 Nxd5 18.cxd5 f5 19.f3 Rc5 20.Nc4 Rf8  1/2-1/2

[Event "Sao Paulo-ch"]
[Site "Sao Paulo"]
[Date "1996.??.??"]
[Round "6"]
[White "Matsuura, Everaldo"]
[Black "Braga, Cicero"]
[Result "1/2-1/2"]
[WhiteElo "2385"]
[BlackElo "2390"]

1.e4 c5 2.Nf3 d6 3.Bb5+ Nc6 4.O-O Bd7 5.c3 Nf6 6.Re1 a6 7.Bxc6 Bxc6 8.d4 Bxe4
9.Bg5 d5 10.dxc5 e6 11.b4 Bxf3 12.Qxf3 Be7 13.Nd2 O-O 14.Nb3 b6 15.Nd4 bxc5
16.bxc5 Rc8 17.c6 Ne4 18.Bxe7 Qxe7 19.c4 Qc5 20.cxd5 Qxd4 21.Qxe4 Qxe4 22.Rxe4 exd5
23.Rd4 Rxc6 24.Rxd5 g6 25.g3  1/2-1/2

[Event "Sarospatak op"]
[Site "Sarospatak"]
[Date "1996.??.??"]
[Round "?"]
[White "Brhlik, Gyorgy"]
[Black "Racz, Zoltan"]
[Result "1/2-1/2"]
[WhiteElo "2130"]
[BlackElo "2210"]

1.e4 c5 2.Nf3 d6 3.Bb5+ Nd7 4.O-O Nf6 5.Nc3 a6 6.Bxd7+ Bxd7 7.e5 dxe5 8.Nxe5 e6
9.d3 Qc7 10.Qe2 Bd6 11.f4 O-O 12.Nxd7 Qxd7 13.Ne4 Be7 14.b3 Nxe4 15.Qxe4 f5
16.Qe2 Bf6 17.Rb1 Rae8 18.Qf2 Bd4 19.Be3 e5 20.Bxd4 cxd4 21.fxe5 Rxe5 22.Rbe1 Rfe8
23.Rxe5 Rxe5 24.Re1 Qe6 25.Rxe5 Qxe5 26.Kf1 Kf7 27.Qf3 Kf6 28.Qxb7 Qf4+ 29.Ke2 Qe3+
30.Kd1 Qg1+ 31.Kd2 Qxh2 32.Qxa6+ Kg5 33.Qb7 Qf4+ 34.Kd1 Qf1+ 35.Kd2 Qf4+
36.Kd1  1/2-1/2

[Event "Sas van Gent"]
[Site "Sas van Gent"]
[Date "1996.??.??"]
[Round "8"]
[White "Krays, Alexander"]
[Black "Vanderstricht, Geert"]
[Result "1/2-1/2"]
[WhiteElo "2400"]
[BlackElo "2230"]

1.e4 c5 2.Nf3 d6 3.Bb5+ Bd7 4.Bxd7+ Qxd7 5.c4 Nc6 6.d4 cxd4 7.Nxd4 Nf6 8.Nc3 e6
9.O-O Be7 10.b3 O-O 11.Bb2 a6 12.Re1 Rfd8 13.Na4 Rab8 14.Rc1 Nxd4 15.Nb6 Nf3+
16.Qxf3 Qc6 17.Bd4 Re8 18.Na4 Rbc8 19.Qe3 Nd7 20.Qg3 Bf8 21.Bb2 b6 22.Nc3 Qb7
23.h4 b5 24.cxb5 axb5 25.Qd3 Rb8 26.Qd4 Ra8 27.Re3 Rec8 28.a4 d5 29.Rg3 bxa4
30.Nxa4 Rxc1+ 31.Bxc1 dxe4 32.Bb2 e5 33.Qd2 Ra6 34.h5 Rd6 35.Qe2 Qd5 36.Kh2 f5
37.Ba3 Rc6 38.Bxf8 Kxf8 39.Nc3 Qe6 40.b4 f4 41.Rh3 e3 42.Ne4 Qc4 43.Qg4 Qxe4
44.Qxd7 exf2 45.Rd3 Qxd3 46.Qxd3 Rc1 47.Qf5+ Kg8 48.Qe6+ Kf8 49.Qf5+ Kg8
50.Qe6+ Kf8 51.Qf5+  1/2-1/2

[Event "Schwaebisch Gmund op"]
[Site "Schwaebisch Gmund"]
[Date "1996.??.??"]
[Round "3"]
[White "Holzschuh, Peter"]
[Black "Badea, Bela"]
[Result "0-1"]
[WhiteElo "2245"]
[BlackElo "2520"]

1.e4 c5 2.Nf3 d6 3.Bb5+ Bd7 4.Qe2 e6 5.O-O Bxb5 6.Qxb5+ Qd7 7.a4 Nc6 8.c3 Nf6
9.Qe2 Be7 10.Rd1 O-O 11.d4 cxd4 12.cxd4 d5 13.e5 Ne4 14.Nbd2 Nxd2 15.Bxd2 Rfc8
16.h4 Rc7 17.h5 h6 18.g4 Rac8 19.Kh1 Qd8 20.Rg1 Bg5 21.Rad1 f6 22.exf6 Qxf6
23.Bxg5 hxg5 24.Qe3 Re7 25.Rg3 Nd8 26.Nxg5 e5 27.Nf3 e4 28.Ne5 Rc2 29.Rd2 Rc1+
30.Kg2 Qa6 31.Re2 Rec7 32.f3 R7c2 33.Kf2 Rxe2+ 34.Qxe2 Qxa4 35.Ke3 Ne6 36.fxe4 Qxd4+
37.Kf3 dxe4+  0-1

[Event "EU-ch U20"]
[Site "Siofok"]
[Date "1996.??.??"]
[Round "2"]
[White "Macionis, Andrius"]
[Black "Nilsson, Mattias"]
[Result "1-0"]
[WhiteElo "2295"]
[BlackElo "2145"]

1.e4 c5 2.Nf3 d6 3.Bb5+ Nd7 4.d4 cxd4 5.Qxd4 Nf6 6.Nc3 a6 7.Bxd7+ Bxd7 8.Bg5 e6
9.O-O-O Be7 10.e5 dxe5 11.Nxe5 Bc6 12.Qxd8+ Rxd8 13.Rxd8+ Bxd8 14.Nxc6 bxc6
15.Rd1 Be7 16.Na4 O-O 17.f3 h6 18.Bxf6 Bxf6 19.Rd6 Rd8 20.Rxd8+ Bxd8 21.Nc5 a5
22.Na6 g5 23.Kd2 f5 24.Nb8 Bc7 25.Nxc6 Bxh2 26.Nxa5 h5 27.a4 h4 28.Nc6 Bg1
29.Ke2 g4 30.fxg4 fxg4 31.Kf1 Be3 32.Ne5 Bd4 33.Nxg4 Bxb2 34.a5 Kg7 35.a6 Bd4
36.Ne5  1-0

[Event "EU-ch U20"]
[Site "Siofok"]
[Date "1996.??.??"]
[Round "8"]
[White "Chekurov, Vyacheslav"]
[Black "Praet, Maarten"]
[Result "1/2-1/2"]
[WhiteElo "2425"]
[BlackElo "2235"]

1.e4 c5 2.Nf3 d6 3.Bb5+ Bd7 4.Bxd7+ Qxd7 5.c4 Nc6 6.O-O g6 7.d4 cxd4 8.Nxd4 Bg7
9.Be3 Nf6 10.f3 Rc8 11.Nc3 O-O 12.b3 e6 13.Qd2 Rfd8 14.Rad1 Ne8 15.Kh1 a6
16.a4 Nc7 17.f4 Nxd4 18.Bxd4 e5 19.Be3 exf4 20.Bxf4 b5 21.Qe3 bxc4 22.Rxd6 Qe8
23.bxc4 Ne6 24.Rxd8 Qxd8 25.Nd5 Rxc4 26.Qf3  1/2-1/2

[Event "Sitges op"]
[Site "Sitges"]
[Date "1996.??.??"]
[Round "1"]
[White "Ortiz Lafont, Jose"]
[Black "Marin, Mihail"]
[Result "0-1"]
[WhiteElo "2170"]
[BlackElo "2545"]

1.e4 c5 2.Nf3 d6 3.Bb5+ Nd7 4.O-O a6 5.Bxd7+ Bxd7 6.d3 e6 7.b3 Nf6 8.Bb2 Bc6
9.Nbd2 Qc7 10.Re1 Rd8 11.Qe2 e5 12.Nf1 g6 13.h3 Nh5 14.Ne3 Nf4 15.Qf1 Bg7
16.g3 Nh5 17.Qe2 O-O 18.Kh2 f6 19.Nh4 Qf7 20.Rg1 d5 21.exd5 Bxd5 22.Nxd5 Qxd5
23.Nf5 Rfe8 24.Rae1 b5 25.Nxg7 Nxg7 26.Qe4 Ne6 27.Qxd5 Rxd5 28.f4 Nd4 29.Bxd4 cxd4
30.Rg2 Kf7 31.Rge2 Ke6 32.Kg2 Rc8 33.Rf2 b4 34.fxe5 f5 35.g4 Ra5 36.gxf5+ gxf5
37.Kf3 Rc3 38.Kf4 Rxa2 39.Ree2 Ra1 40.Rf3 Rc1 41.Rff2 Rc5 42.Kg5 Rc7 43.Kf4 Rg7
44.Rh2 Rf1+ 45.Ref2 Rfg1 46.Re2 h5 47.Ref2 h4 48.Re2 R7g3 49.Ref2 Re1 50.Rhg2 Rxg2
51.Rxg2 Rf1+ 52.Kg5 Rf3 53.Kxh4 Kxe5 54.Rg6 Kf4 55.Rxa6 Rf2 56.Rb6 Rxc2 57.Rxb4 Ke3
58.Rb5 f4 59.Re5+ Kxd3 60.Kg4 Re2 61.Rf5 Ke3 62.Re5+ Kf2  0-1

[Event "Sochi"]
[Site "Sochi"]
[Date "1996.??.??"]
[Round "?"]
[White "Komliakov, Viktor"]
[Black "Poluljahov, Aleksandr"]
[Result "1-0"]
[WhiteElo "2500"]
[BlackElo "2480"]

1.e4 c5 2.Nf3 d6 3.Bb5+ Bd7 4.Bxd7+ Qxd7 5.c4 Nf6 6.Nc3 Nc6 7.O-O Nd4 8.b4 cxb4
9.Nd5 Nc6 10.a3 b3 11.d3 Ng8 12.Qxb3 e6 13.Nb4 Nf6 14.Nxc6 bxc6 15.Rb1 Be7
16.Qb7 Rc8 17.Bd2 Bd8 18.e5 dxe5 19.Nxe5 Qxb7 20.Rxb7 Bb6 21.Be3 c5 22.Nxf7 O-O
23.Ne5 Rc7 24.Rxc7 Bxc7 25.Nf3 Bb6 26.Rb1 Rd8 27.Rb3 Nd7 28.Kf1 h6 29.Ke2 Kf7
30.a4 Ke7 31.Bd2 Kd6 32.a5 Bc7 33.Rb7 Bb8 34.a6 Kc6 35.Bc3 g6 36.Nd2 Bc7
37.d4 Bb6 38.Nb3 Rb8 39.dxc5 Nxc5 40.Nd4+ Kd6 41.Nb5+ Kc6 42.Nxa7+ Bxa7 43.Rxa7  1-0

[Event "Sochi"]
[Site "Sochi"]
[Date "1996.??.??"]
[Round "?"]
[White "Komliakov, Viktor"]
[Black "Nadyrhanov, S."]
[Result "1/2-1/2"]
[WhiteElo "2500"]
[BlackElo "2490"]

1.e4 c5 2.Nf3 d6 3.Bb5+ Bd7 4.Bxd7+ Qxd7 5.c4 Nc6 6.Nc3 Nf6 7.O-O Nd4 8.Nxd4 cxd4
9.Nb5 Nxe4 10.Nxd4 g6 11.Qe2 Nf6 12.Nf3 Bg7 13.Re1 O-O 14.d4  1/2-1/2

[Event "Petrov mem"]
[Site "St Petersburg"]
[Date "1996.??.??"]
[Round "1"]
[White "Gubanov, Anton"]
[Black "Kruppa, Yuri"]
[Result "0-1"]
[WhiteElo "2375"]
[BlackElo "2580"]

1.e4 c5 2.Nf3 d6 3.Bb5+ Nc6 4.O-O Bd7 5.Re1 Nf6 6.c3 a6 7.Bxc6 Bxc6 8.d4 Bxe4
9.Bg5 Bc6 10.Bxf6 gxf6 11.d5 Bd7 12.Nbd2 Qc7 13.Nh4 h5 14.Ne4 O-O-O 15.Ng3 Kb8
16.h3 e6 17.c4 f5 18.dxe6 fxe6 19.Ng6 Rh6 20.Nxf8 Rxf8 21.Qd2 Rg6 22.b4 cxb4
23.Ne2 e5 24.Qxb4 f4 25.Kh1 Bxh3 26.c5  0-1

[Event "Petrov mem"]
[Site "St Petersburg"]
[Date "1996.??.??"]
[Round "3"]
[White "Driamin, Dmitrij"]
[Black "Nepomnishay, Mikhail I"]
[Result "1/2-1/2"]
[WhiteElo "2205"]
[BlackElo "2470"]

1.e4 c5 2.Nf3 d6 3.Bb5+ Bd7 4.Bxd7+ Qxd7 5.c4 Nf6 6.Nc3 Nc6 7.O-O e6 8.b3 Be7
9.Bb2 O-O 10.d3 a6 11.h3 Rab8 12.Ne2 b5 13.Ng3 a5 14.e5 dxe5 15.Nxe5 Qc7
16.Re1 bxc4 17.dxc4 a4 18.Qf3 Rfc8 19.Rad1 axb3 20.axb3 Rb7 21.Nh5 Nxe5 22.Rxe5 Qc6
23.Rxc5 Qxc5 24.Qxb7 Nxh5 25.Ba3 Qxa3 26.Qxc8+ Bf8 27.c5 Nf6 28.Rd8  1/2-1/2

[Event "Petrov mem"]
[Site "St Petersburg"]
[Date "1996.??.??"]
[Round "4"]
[White "Yandemirov, Valeri"]
[Black "Timoshenko, Georgy"]
[Result "1/2-1/2"]
[WhiteElo "2430"]
[BlackElo "2500"]

1.e4 c5 2.Nf3 d6 3.Bb5+ Nc6 4.d4 cxd4 5.Qxd4 Bd7 6.Bxc6 Bxc6 7.Nc3 e6 8.Bg5 Nf6
9.O-O-O Be7 10.Rhe1 O-O 11.Qd2 Qc7 12.Nd4 Rfc8 13.Kb1 a6 14.Bxf6 Bxf6 15.Nxc6 Bxc3
16.Qxc3 Qxc6 17.Qd2 a5 18.Re3 h6 19.f3 Ra6 20.Rd3 Qc7 21.c3 Rd8 22.Rd4 b5
23.Qd3  1/2-1/2

[Event "Petrov mem"]
[Site "St Petersburg"]
[Date "1996.??.??"]
[Round "4"]
[White "Kalegin, Evgenij"]
[Black "Mukhametov, Eldar"]
[Result "1/2-1/2"]
[WhiteElo "2495"]
[BlackElo "2505"]

1.e4 c5 2.Nf3 d6 3.Bb5+ Bd7 4.Bxd7+ Qxd7 5.O-O Nc6 6.c3 Nf6 7.d4 Nxe4 8.d5 Ne5
9.Nxe5 dxe5 10.Re1 Nd6 11.Rxe5 h6 12.Re1 g6 13.b4 b6 14.bxc5 bxc5 15.Be3 Bg7
16.Bxc5 O-O 17.Bd4 Rac8 18.Bxg7 Kxg7 19.Qd3 Nc4 20.Nd2 Nxd2 21.Qxd2 Rc4 22.Re3 Rd8
23.Rd1 Qc7 24.Qe2 Rd7 25.Rdd3 Rc5 26.h3 Rcxd5 27.Rxd5 Rxd5 28.Rxe7  1/2-1/2

[Event "Petrov mem"]
[Site "St Petersburg"]
[Date "1996.??.??"]
[Round "5"]
[White "Yudasin, Leonid"]
[Black "Aseev, Konstantin N"]
[Result "1-0"]
[WhiteElo "2635"]
[BlackElo "2530"]

1.e4 c5 2.Nf3 d6 3.Bb5+ Bd7 4.Bxd7+ Qxd7 5.O-O Nf6 6.Qe2 Nc6 7.b3 e6 8.Bb2 Be7
9.c4 O-O 10.d4 cxd4 11.Nxd4 d5 12.exd5 exd5 13.Nxc6 bxc6 14.Rd1 Rfe8 15.Qf3 Rad8
16.cxd5 cxd5 17.Nc3 Bd6 18.Ne2 Ne4 19.Rac1 Bb8 20.Rc2 Qd6 21.Qh5 a5 22.Bd4 Qe6
23.f3 Nf6 24.Qh4 Be5 25.Bxe5 Qxe5 26.Qf4 Qe7 27.Nd4 Rc8 28.Rcd2 a4 29.bxa4 Qa7
30.Qg3 Rc4 31.a5 Rec8 32.h3 h6 33.Kh1 Kh7 34.Nf5 Nh5 35.Qe5 f6 36.Qxd5 R8c5
37.Qd3 Nf4 38.Qb1 Ng6 39.Rd7 Rc7 40.Ne7  1-0

[Event "Rudenko mem"]
[Site "St Petersburg"]
[Date "1996.??.??"]
[Round "6"]
[White "Epstein, Esther"]
[Black "Shirjaeva, Yaroslava"]
[Result "0-1"]
[WhiteElo "2255"]
[BlackElo "2140"]

1.e4 c5 2.Nf3 d6 3.Bb5+ Bd7 4.Bxd7+ Qxd7 5.O-O Nc6 6.d4 cxd4 7.Nxd4 Nf6 8.Nc3 e6
9.Be3 Be7 10.Re1 O-O 11.Qe2 Rfd8 12.Rad1 Qc7 13.a3 a6 14.Nxc6 bxc6 15.e5 dxe5
16.Rxd8+ Bxd8 17.Bg5 a5 18.a4 Nd7 19.Bxd8 Rxd8 20.Rd1 Nb6 21.b3 f6 22.g3 Nd5
23.Ne4 Qe7 24.Qc4 f5 25.Qc5 Kf7 26.Qxe7+ Kxe7 27.Nc5 Ra8 28.Nd3 Nc3 29.Re1 e4
30.Nb2 Nd5 31.Nc4 Nb4 32.Re2 c5 33.Rd2 Nc6 34.Kf1 Nd4 35.Kg2 g5 36.Kg1 Nf3+
37.Kg2 Nxd2 38.Nxd2 e5 39.g4 Ke6 40.gxf5+ Kxf5 41.Kg3 h5 42.Nc4 Ra6 43.Ne3+ Ke6
44.Nc4 Kd5 45.Ne3+ Kd4 46.Nc4 Kc3 47.Nxe5 Kxc2 48.Nd7 Rc6 49.Ne5 Rb6 50.Nc4 Rxb3+
51.Kg2 Rb4 52.Nxa5 Rxa4  0-1

[Event "RUS-Cup1 Chigorin mem"]
[Site "St Petersburg"]
[Date "1996.??.??"]
[Round "9"]
[White "Khavsky, Sergey V"]
[Black "Mozaliov, SV."]
[Result "1-0"]
[WhiteElo "2320"]
[BlackElo "2300"]

1.e4 c5 2.Nf3 d6 3.Bb5+ Bd7 4.Bxd7+ Qxd7 5.c4 Nc6 6.d4 cxd4 7.Nxd4 g6 8.O-O Bg7
9.Be3 Nf6 10.f3 O-O 11.Nc3 Rfc8 12.b3 Qd8 13.Qd2 Qa5 14.Rac1 Nd7 15.Rfd1 Nxd4
16.Bxd4 Bxd4+ 17.Qxd4 Qc5 18.Kf2 a5 19.Qxc5 Rxc5 20.Rd5 Kf8 21.Rcd1 Ke8 22.f4 Rac8
23.Ke3 Nb6 24.Rxc5 Rxc5 25.g4 a4 26.Nb5 Rc8 27.Kd4 f6 28.Kc3 Kf7 29.Kb4 Ke6
30.Ra1 Nd7 31.Nc3 g5 32.f5+ Ke5 33.Nd5 e6 34.fxe6 Kxe6 35.Nc3 Ke5 36.Rd1 Rc6
37.Nb5 Nc5 38.Rd5+ Ke6 39.Nd4+ Kd7 40.Nxc6 bxc6 41.Rxc5  1-0

[Event "Rilton Cup 96/97"]
[Site "Stockholm"]
[Date "1996.??.??"]
[Round "3"]
[White "Ulibin, Mikhail"]
[Black "Nordlund, Fredrik"]
[Result "1-0"]
[WhiteElo "2550"]
[BlackElo "2210"]

1.e4 c5 2.Nf3 d6 3.Bb5+ Bd7 4.Bxd7+ Qxd7 5.O-O e6 6.c4 Nc6 7.d4 cxd4 8.Nxd4 Be7
9.Nc3 Nxd4 10.Qxd4 Bf6 11.Qd3 Ne7 12.Nb5 O-O 13.Qxd6 Qc8 14.e5 Nf5 15.Qc7 Bd8
16.Qxc8 Rxc8 17.g4 a6 18.gxf5 axb5 19.cxb5 exf5 20.Be3 Rc2 21.Bd4 Bg5 22.Rad1 Bd2
23.a4 h5 24.b3 Re8 25.f4 Rd8 26.Bb6 Rd3 27.Kh1 h4 28.b4 h3 29.Bg1 Ra3 30.Rf2 Raa2
31.a5 Bxb4 32.Rxc2 Rxc2 33.a6 bxa6 34.bxa6 Ra2 35.a7 Kh7 36.Rd8  1-0

[Event "Rilton Cup 96/97"]
[Site "Stockholm"]
[Date "1996.??.??"]
[Round "8"]
[White "Smyslov, Vassily"]
[Black "Hellers, Ferdinand"]
[Result "1/2-1/2"]
[WhiteElo "2510"]
[BlackElo "2585"]

1.e4 c5 2.Nf3 d6 3.Bb5+ Bd7 4.Bxd7+ Qxd7 5.c4 Nc6 6.O-O g6 7.d4 cxd4 8.Nxd4 Bg7
9.Be3 Nf6 10.f3 O-O 11.Nc3 Rfc8 12.b3 Qd8 13.Qd2 Qa5 14.Rad1 a6 15.Rf2 Nd7
16.Nxc6 bxc6 17.Na4 Qc7 18.Bd4 Bxd4 19.Qxd4 Rd8 20.Rfd2 Qa5 21.Qe3 Rab8 22.h3  1/2-1/2

[Event "SUI-chT"]
[Site "SUI"]
[Date "1996.??.??"]
[Round "2"]
[White "Staechelin, Ruedi"]
[Black "Kamber, Bruno"]
[Result "0-1"]
[WhiteElo "2195"]
[BlackElo "2385"]

1.e4 c5 2.Nf3 d6 3.Bb5+ Bd7 4.Bxd7+ Nxd7 5.O-O Ngf6 6.Qe2 e6 7.c3 Be7 8.d4 O-O
9.e5 Ne8 10.Bf4 Rc8 11.Nbd2 cxd4 12.exd6 Nxd6 13.Nxd4 Re8 14.Bxd6 Bxd6 15.Ne4 Bb8
16.Rad1 Qc7 17.g3 a6 18.Qh5 Nf8 19.Rfe1 Red8 20.Qe2 h6 21.Nf3 Qb6 22.c4 Qa5
23.b3 f5 24.Ned2 Qxa2 25.Qe3 Qa5 26.Nd4 Ba7 27.N2f3 Bc5 28.Qe5 Bb4 29.Qxa5 Bxa5
30.Re3 Bb6 31.Red3 g5 32.Ne5 Kg7 33.b4 Bc7 34.Ndf3 g4 35.Rxd8 Bxd8 36.Nd2 Bf6
37.f4 Bxe5 38.fxe5 Rd8 39.Kf2 Ng6  0-1

[Event "SUI-chT"]
[Site "SUI"]
[Date "1996.??.??"]
[Round "5"]
[White "Pytel, Martin"]
[Black "Sherwin, James T"]
[Result "0-1"]
[WhiteElo "2340"]
[BlackElo "2320"]

1.e4 c5 2.Nf3 d6 3.Bb5+ Bd7 4.a4 Nc6 5.O-O Nf6 6.Qe2 e6 7.d3 Be7 8.b3 O-O
9.Bb2 d5 10.Nbd2 d4 11.Nc4 Qc7 12.Qd2 Rfd8 13.Rac1 Nb4 14.Bxd7 Nxd7 15.Ba3 Nc6
16.h3 b6 17.c3 dxc3 18.Qxc3 Nf6 19.Bb2 Rac8 20.Nce5 Nxe5 21.Nxe5 Ne8 22.Ng4 Bg5
23.Rcd1 h5 24.Nh2 Bf6 25.e5 Be7 26.Nf3 Qd7 27.Bc1 Nc7 28.Bg5 Bxg5 29.Nxg5 Qd4
30.Qc1 Nd5 31.Nf3 Qf4 32.Qc4 Qxc4 33.dxc4 Nb4 34.Ng5 Nc6 35.Ne4 Nxe5 36.Nd6 Rc6
37.Nb5 Rxd1 38.Rxd1 a6 39.Rd8+ Kh7 40.f4 Ng6 41.Nd6 f6 42.g3 h4 43.Kg2 hxg3
44.Kxg3 Ne7 45.Kg4 Ng8 46.Kh5 Nh6 47.Rd7 Rxd6  0-1

[Event "SVK-chT9596"]
[Site "?"]
[Date "1996.??.??"]
[Round "3"]
[White "Franzen, Josef"]
[Black "Szamos, Alexander"]
[Result "1-0"]
[WhiteElo "2300"]
[BlackElo "2145"]

1.e4 c5 2.Nf3 d6 3.Bb5+ Nc6 4.O-O Nf6 5.Re1 Bd7 6.c3 a6 7.Ba4 g6 8.d4 cxd4
9.cxd4 Bg7 10.Nc3 O-O 11.h3 b5 12.Bc2 Bc8 13.Bg5 Nd7 14.Qd2 Re8 15.Rad1 Qa5
16.Bb3 Nb6 17.Qe2 Qb4 18.Nd5 Nxd5 19.Bxd5 Bd7 20.e5 Rac8 21.Bxf7+ Kxf7 22.e6+ Bxe6
23.Qxe6+ Kf8 24.Re4  1-0

[Event "SVK-chT9596"]
[Site "?"]
[Date "1996.??.??"]
[Round "4"]
[White "Sarana, Oksana"]
[Black "Ac, Michal"]
[Result "0-1"]
[WhiteElo "2190"]
[BlackElo "2265"]

1.e4 c5 2.Nf3 d6 3.Bb5+ Bd7 4.Qe2 Bxb5 5.Qxb5+ Qd7 6.Qe2 Nc6 7.O-O Nf6 8.Rd1 g6
9.d4 cxd4 10.Nxd4 Bg7 11.f3 Nxd4 12.Rxd4 O-O 13.c4 Rfc8 14.Be3 a6 15.Na3 Rab8
16.Rad1 b5 17.cxb5 axb5 18.Rb4 Qe6 19.Rxb5 Qxa2 20.Bd4 Nd7 21.Bxg7 Kxg7 22.Rxb8 Rxb8
23.Nc4 Rb4 24.Rc1 Ne5 25.Nxe5 Rxb2 26.Qf1 dxe5 27.Ra1 Rxg2+ 28.Qxg2 Qxa1+
29.Kf2 Qb2+ 30.Kg3 Qxg2+ 31.Kxg2 Kh6  0-1

[Event "SVK-chT9596"]
[Site "?"]
[Date "1996.??.??"]
[Round "7"]
[White "Salai, Ladislav"]
[Black "Cimra, Jozef"]
[Result "1-0"]
[WhiteElo "2430"]
[BlackElo "2220"]

1.e4 c5 2.Nf3 d6 3.Bb5+ Nd7 4.O-O a6 5.Bxd7+ Bxd7 6.d4 cxd4 7.Qxd4 e5 8.Qd3 h6
9.c4 Nf6 10.Nc3 Rc8 11.a4 Qb6 12.Be3 Qb4 13.Nd2 Be6 14.Rfc1 Be7 15.a5 Rxc4
16.Nxc4 Qxc4 17.Qxc4 Bxc4 18.Rd1 Kd7 19.f3 Ke6 20.Rd2 Rc8 21.Na4 Bb5 22.Nb6 Rc7
23.Kf2 Rc6 24.Nd5 Rc8 25.Nxe7 Kxe7 26.g4 Ke6 27.h4 Rc4 28.Rh1 h5 29.gxh5 Nxh5
30.Rhd1 Rc6 31.Bg5 g6 32.Bh6 Ke7 33.b3 Nf4 34.Bxf4 exf4 35.Rh1 Rc3 36.Rb2 Rc5
37.b4 Rh5 38.Rbb1 f5 39.Rbe1 Ke6 40.Rhg1 fxe4 41.Rxe4+ Kf5 42.Rg4 Kf6 43.Rgxf4+ Rf5
44.Ke3 Bd7 45.Rd4 Ke7 46.Rxf5 Bxf5 47.Rc4 Kd7 48.Kf4 d5 49.Rc5 Kd6 50.h5  1-0

[Event "SVK-chT9596"]
[Site "?"]
[Date "1996.??.??"]
[Round "9"]
[White "Kotan, Ladislav"]
[Black "Ftacnik, Lubomir"]
[Result "1/2-1/2"]
[WhiteElo "2370"]
[BlackElo "2585"]

1.e4 c5 2.Nf3 d6 3.Bb5+ Nd7 4.c3 Nf6 5.Qe2 a6 6.Ba4 e5 7.d4 b5 8.Bc2 Be7
9.O-O O-O 10.Rd1 Qc7 11.Bg5 Bb7 12.d5 Nb6 13.Nbd2 Nh5 14.g3 g6 15.Bh6 Ng7
16.c4 Qd7 17.b3 f5 18.Ng5 Rfe8 19.f3 Bf6 20.Bd3 b4 21.g4 fxg4 22.fxg4 Bc8
23.h3 Qd8 24.Qe3 a5 25.Rf1 a4 26.Bc2 Bd7 27.Rf2 axb3 28.Bxb3 Ba4 29.Raf1 Nd7
30.Ndf3 Bxb3 31.axb3 Nf8 32.Nh4 Nd7 33.Nhf3 Nf8 34.Nh4  1/2-1/2

[Event "SVK-chT9596"]
[Site "?"]
[Date "1996.??.??"]
[Round "10"]
[White "Mrva, Vladimir"]
[Black "Banas, Jan"]
[Result "0-1"]
[WhiteElo "2310"]
[BlackElo "2370"]

1.e4 c5 2.Nf3 d6 3.Bb5+ Bd7 4.Bxd7+ Nxd7 5.O-O Ngf6 6.Re1 e6 7.d4 cxd4 8.Qxd4 Be7
9.Nc3 a6 10.a4 O-O 11.h3 Qc7 12.Bg5 Rfd8 13.Rad1 Rac8 14.Be3 b6 15.Bg5 Qb7
16.Qe3 b5 17.axb5 axb5 18.Nd4 b4 19.Na4 Nc5 20.Nxc5 Rxc5 21.Re2 Rdc8 22.Bh4 Rc4
23.Rdd2 h6 24.f4 Qa7 25.b3 Rc3 26.Qf2 Qb7 27.Qe1 d5 28.Bxf6 Bxf6 29.e5 Be7
30.Kh2 Bc5 31.Qd1 Qb6 32.g3 Bxd4 33.Rxd4 Rxc2 34.Rxc2 Rxc2+ 35.Qxc2 Qxd4
36.h4 Qc3 37.Qa2 h5 38.Kh3 Qe1 39.Kg2 Kh7 40.Kh2 d4 41.Qc2+ Kh6 42.Kg2 Qc3
43.Qd1 Qe3 44.Qf3 Qd2+ 45.Kh3 d3 46.g4 Qe2 47.g5+ Kg6 48.f5+ exf5 49.Qc6+ Kh7
50.Qd5 d2 51.Qxf7 Qg4+ 52.Kh2 Qxh4+ 53.Kg2 Qxg5+  0-1

[Event "SVK-chT9596"]
[Site "?"]
[Date "1996.??.??"]
[Round "12"]
[White "Franzen, Josef"]
[Black "Kalisky, Vladimir"]
[Result "1-0"]
[WhiteElo "2300"]
[BlackElo "2270"]

1.e4 c5 2.Nf3 d6 3.Bb5+ Nc6 4.O-O Bd7 5.c3 Nf6 6.Re1 e6 7.d4 cxd4 8.cxd4 d5
9.e5 Ne4 10.Bd3 Nb4 11.Bxe4 dxe4 12.Rxe4 Bc6 13.Re3 Bc5 14.a3 Bxf3 15.Qxf3 Nc2
16.dxc5 Nxa1 17.b4 O-O 18.Rd3 Qc7 19.Bb2 a5 20.Bxa1 axb4 21.Bd4 bxa3 22.Nxa3 Rfd8
23.h4 Rd7 24.Nc4 Qd8 25.Qf4 Rd5 26.Nd6 Qd7 27.Rg3 Rf8 28.Qh6 g6 29.Bc3 Qa4
30.Re3 Rd4 31.Bxd4 Qxd4 32.Nxb7 Ra8 33.c6 Qd5 34.Nd6 f5 35.c7  1-0

[Event "Tel Aviv Cup rapid"]
[Site "Tel Aviv"]
[Date "1996.??.??"]
[Round "1"]
[White "Vydeslaver, Alik"]
[Black "Tyomkin, Dimitri"]
[Result "1-0"]
[WhiteElo "2480"]
[BlackElo "2340"]

1.e4 c5 2.Nf3 d6 3.Bb5+ Nc6 4.d4 cxd4 5.Qxd4 Bd7 6.Bxc6 Bxc6 7.Nc3 Nf6 8.Bg5 e6
9.O-O-O h6 10.Bh4 Be7 11.Qd3 Qc7 12.Rhe1 a6 13.Nd4 O-O 14.f3 Rfd8 15.Kb1 b5
16.Nxc6 Qxc6 17.g4 Qc4 18.Bg3 Qxd3 19.Rxd3 Ne8 20.Red1 Rdc8 21.Ne2 Rab8 22.Rc3 Rxc3
23.Nxc3 Rc8 24.a4 bxa4 25.Nxa4 Rc6 26.Rd3 Nc7 27.Rc3 Rxc3 28.Nxc3 Kf8 29.Ka2 Ke8
30.Kb3 Kd7 31.Kc4 Kc6 32.h4 d5+ 33.exd5+ exd5+ 34.Kd3 Ne6 35.Ne2 g5 36.h5 Bd6
37.Bxd6 Kxd6 38.Ng3 Kc5 39.Nf5 Nf4+ 40.Kd2 Ne6 41.Nxh6 Nd4 42.Nxf7 Nxf3+
43.Ke3 Nh2 44.Ne5 Kd6 45.h6 Kxe5 46.h7 Nxg4+ 47.Ke2 Nh6 48.h8=Q+  1-0

[Event "Tel Aviv Cup rapid"]
[Site "Tel Aviv"]
[Date "1996.??.??"]
[Round "1"]
[White "Boim, Inon"]
[Black "Avrukh, Boris"]
[Result "0-1"]
[WhiteElo "2390"]
[BlackElo "2495"]

1.e4 c5 2.Nf3 d6 3.Bb5+ Nd7 4.O-O Nf6 5.Re1 a6 6.Bf1 b6 7.d4 cxd4 8.Qxd4 Bb7
9.Nc3 e6 10.Bg5 Be7 11.Rad1 Qc7 12.Bh4 Rd8 13.Bg3 e5 14.Qe3 O-O 15.Nh4 g6
16.Nf3 b5 17.a3 Nc5 18.Nd2 Ne6 19.Nb3 Rd7 20.f3 Nh5 21.Nd5 Bxd5 22.exd5 Nxg3
23.hxg3 Ng7 24.Qf2 Bd8 25.Kh1 Qb8 26.Nd2 Bb6 27.Qe2 Nh5 28.Kh2 Qd8 29.Ne4 f5
30.Nf2 Qg5 31.Nh3 Qxg3+ 32.Kh1 Nf4 33.Qd2 Nxh3  0-1

[Event "Tel Aviv Cup rapid"]
[Site "Tel Aviv"]
[Date "1996.??.??"]
[Round "1"]
[White "Oratovsky, Michael"]
[Black "Stisis, Yaacov"]
[Result "0-1"]
[WhiteElo "2485"]
[BlackElo "2380"]

1.e4 c5 2.Nf3 d6 3.Bb5+ Nc6 4.O-O Bd7 5.Re1 a6 6.Bxc6 Bxc6 7.d4 cxd4 8.Qxd4 Nf6
9.c4 g6 10.e5 dxe5 11.Qxd8+ Rxd8 12.Nxe5 Bg7 13.Nxc6 bxc6 14.Nc3 Rd4 15.b3 Rd3
16.Bb2 Ng4 17.Na4 Bxb2 18.Nxb2 Rd2 19.Nd1 e6 20.f3 Nf6 21.Nc3 Ke7 22.Rad1 Rc2
23.Rc1 Rxc1 24.Rxc1 Rd8 25.Rc2 Nd7 26.Na4 Ne5 27.Nc5 a5 28.Kf1 Nd3 29.Nb7 Ra8  0-1

[Event "Czerniak mem"]
[Site "Tel Aviv"]
[Date "1996.??.??"]
[Round "2"]
[White "Krays, Alexander"]
[Black "Har Zvi, Ronen"]
[Result "1/2-1/2"]
[WhiteElo "2440"]
[BlackElo "2510"]

1.e4 c5 2.Nf3 d6 3.Bb5+ Bd7 4.Bxd7+ Qxd7 5.c4 Nf6 6.Nc3 Nc6 7.d4 cxd4 8.Nxd4 Qg4
9.O-O Qxd1 10.Rxd1 Nxd4 11.Rxd4 Rc8 12.Bg5 Nd7 13.Rc1 g6 14.Nd5 Nc5 15.Bh4 g5
16.Bxg5 Ne6 17.Be3 Nxd4 18.Bxd4 Rg8 19.Bxa7 Bg7 20.b3 e6 21.Nb6 Rc6 22.Rd1 Kd8
23.Na4 Kc7 24.Be3 Re8 25.Bf4 Rb8 26.c5 e5 27.Be3 dxc5 28.Nxc5 Bf8 29.Rd7+ Kc8
30.Rd5 Rd6 31.Rxd6 Bxd6 32.a4 b5 33.a5 Bxc5 34.Bxc5 b4 35.Kf1 Kc7 36.a6 Rb5
37.a7 Kb7 38.Be3 Ra5 39.Bd2 Rb5  1/2-1/2

[Event "Tel Aviv Cup rapid"]
[Site "Tel Aviv"]
[Date "1996.??.??"]
[Round "4"]
[White "Har Zvi, Ronen"]
[Black "Psakhis, Lev"]
[Result "1/2-1/2"]
[WhiteElo "2510"]
[BlackElo "2610"]

1.e4 c5 2.Nf3 d6 3.Bb5+ Bd7 4.Bxd7+ Qxd7 5.c4 Nc6 6.Nc3 Nf6 7.O-O g6 8.d4 cxd4
9.Nxd4 Bg7 10.Nde2 O-O 11.f3 Rfd8 12.Bg5 h6 13.Bh4 e6 14.f4 a6 15.Nd4 b5
16.cxb5 axb5 17.Nb3 Rdb8  1/2-1/2

[Event "Czerniak mem"]
[Site "Tel Aviv"]
[Date "1996.??.??"]
[Round "7"]
[White "Krays, Alexander"]
[Black "Shmuter, Leonid"]
[Result "1-0"]
[WhiteElo "2440"]
[BlackElo "2490"]

1.e4 c5 2.Nf3 d6 3.Bb5+ Bd7 4.Bxd7+ Qxd7 5.c4 Nc6 6.d4 cxd4 7.Nxd4 Nf6 8.Nc3 e6
9.O-O Be7 10.b3 O-O 11.Bb2 a6 12.Re1 b5 13.cxb5 Nxd4 14.Qxd4 axb5 15.e5 dxe5
16.Qxd7 Nxd7 17.Nxb5 Rfb8 18.Red1 Nc5 19.Nc7 Ra7 20.Bxe5 Bf6 21.Bxf6 gxf6
22.b4 Ne4 23.Rd4 Nc3 24.Rc4 Nxa2 25.b5 Rbb7 26.g3 Kf8 27.Na6 Rxb5 28.Rxa2 Kg7
29.Rc6 f5 30.Kg2 e5 31.Nc7 Rxa2 32.Nxb5 f6 33.Nd6  1-0

[Event "GRE-chT"]
[Site "Thessaloniki"]
[Date "1996.??.??"]
[Round "1"]
[White "Michos, Thomas"]
[Black "Metaxas, Petros"]
[Result "1/2-1/2"]
[WhiteElo "2200"]
[BlackElo "2205"]

1.e4 c5 2.Nf3 d6 3.Bb5+ Nd7 4.c3 Nf6 5.Qe2 a6 6.Ba4 b5 7.Bc2 e5 8.O-O g6
9.d4 Bg7 10.a4 Rb8 11.Nbd2 O-O 12.Rd1 Nh5 13.Nf1 exd4 14.cxd4 Re8 15.axb5 axb5
16.Bg5 Qb6 17.Qd2 Ndf6 18.Re1 cxd4 19.Nxd4 Nxe4 20.Bxe4 Qxd4 21.Bc6 Rxe1
22.Rxe1 Be6 23.b4 Qxd2 24.Bxd2 Be5 25.Be3 Bc4 26.Nd2 Bd3 27.Nf3 Bc3 28.Rd1 Bc4
29.g4 Ng7 30.Ng5 Bxb4 31.Ne4 f5 32.Nf6+ Kf7 33.Nxh7 Ke7 34.Bg5+ Kf7 35.Bf4 Ne6
36.Ng5+ Nxg5 37.Bxg5 fxg4 38.Rd4 Rb6 39.Bxb5 Rxb5 40.Rxc4 Rxg5 41.Rxb4 Ke6
42.Kf1 d5 43.Ra4 Ke5 44.h4 Rf5 45.Rxg4  1/2-1/2